000 01836nam0a22003011 4500
001 rc\3592989
005 20250610045121.0
035 _a(NLR Aleph) 007703444
090 _a6771965
_c6771965
100 _a20130115d1970 |||y0rusy50 ca
101 0 _arus
102 _aRU
105 _ay z |||||
200 1 _aПредварительные результаты первого этапа работ по уточнению целей и задач МС НТИ и МЦ НТИ
_eОтчет о науч.-исслед. работе
_fИсполнители С. Рожков, В. Ионцев
210 _aМосква
_cБ. и.
_d1970
215 _a32 с.
_d22
225 1 _aМеждународный центр научной и технической информации. Материалы к п. предварительной повестки дня третьего заседания Комитета полномочных представителей
300 _aНа обл. загл.: Уточнение целей создаваемой Международной системы стран-членов Центра в области научно-технической информации п. 1.2. плана работ
309 _aОтпеч. множит. аппаратом
333 _aДля служебного пользования. Экз. № 000006
512 0 _aУточнение целей создаваемой Международной системы стран - членов Центра в области научно-технической информации п. 1.2. плана работ
702 1 _aРожков
_bС.
_4570
702 1 _aИонцев
_bВ.
_4570
801 0 _aRU
_bNLR
_gpsbo
801 1 _aRU
_bELAR
_2rusmarc
852 _aNLR
_j50К/25223
942 _cBOOK
980 _aNB